2005: NFL Teams with the Most Points - Statistics

General Stats
  • This quiz has been taken 10 times
  • The average score is 8 of 10
Answer Stats
Number of points NFL Team % Correct
395 Denver Broncos
89%
439 Indianapolis Colts
89%
379 New England Patriots
89%
389 Pittsburgh Steelers
89%
452 Seattle Seahawks
89%
403 Kansas City Chiefs
78%
422 New York Giants
78%
421 Cincinnati Bengals
67%
418 San Diego Chargers
67%
391 Carolina Panthers
44%
No matching quizzes found
Score Distribution
Percent of People with Each Score
Percentile by Number Answered
Your Score History
You have not taken this quiz